000 00524nam a2200181Ia 4500
008 090124s9999 xx 000 0 und d
082 _b37120
100 _aमिश्र गोविंद
245 _a लाल पीली जमीन
250 _a1
260 _c1999
300 _a323
600 _aमिश्र गोविंद
630 _a लाल पीली जमीन
700 _aमिश्र गोविंद
730 _a लाल पीली जमीन
942 _cBOOK
999 _c102978
_d102978